000 00771cam a2200265 4500500
005 20260405004011.0
041 _afre
042 _adc
100 1 0 _aEnjalbert, Cédric
_eauthor
700 1 0 _aBenoît, Devy
_eauthor
700 1 0 _aArdeois, Iris
_eauthor
245 0 0 _aComment les nouveaux empires rebattent les cartes du monde
260 _c2026.
500 _a37
690 _aCartes
690 _aChine
690 _aEmpire
690 _aÉtats-Unis
690 _aGéographie
690 _aImpérialisme
690 _aRussie
690 _aStratégies
786 0 _nPhilosophie magazine | 197 | 2 | 2026-02-01 | p. 67-75 | 1951-1787
856 4 1 _uhttps://shs.cairn.info/magazine-philosophie-magazine-2026-2-page-67?lang=fr&redirect-ssocas=7080
999 _c2072784
_d2072784